Library Logo

Pioneer International University Library Catalogue

Study guide for use with : managerial accounting (Record no. 5918)

MARC details
000 -LEADER
fixed length control field 00311nam a22000977a 4500
005 - DATE AND TIME OF LATEST TRANSACTION
control field 20250901165549.0
008 - FIXED-LENGTH DATA ELEMENTS--GENERAL INFORMATION
fixed length control field 211008b |||||||| |||| 00| 0 eng d
050 ## - LIBRARY OF CONGRESS CALL NUMBER
Classification number HF5657.4 .E54 1993
245 ## - TITLE STATEMENT
Title Study guide for use with : managerial accounting
Statement of responsibility, etc. ENGLER, CALVIN
942 ## - ADDED ENTRY ELEMENTS (KOHA)
Source of classification or shelving scheme Library of Congress Classification
Classification part HF5657.4 .E54 1993
Holdings
Withdrawn status Lost status Source of classification or shelving scheme Damaged status Not for loan Home library Current library Shelving location Date acquired Total checkouts Full call number Barcode Date last seen Price effective from Koha item type
    Library of Congress Classification     Main Library Main Library   10/08/2021   HF5657.4 .E54 1993 PIU0000704 10/08/2021 10/08/2021 Books